Juventus Most Appareances - Champions League - Statistics

General Stats
  • This quiz has been taken 187 times
    67 since last reset
  • The average score is 24 of 44
Answer Stats
Appearances Goals Country Answer % Correct
89 42 Italy Alessandro Del Piero
100%
113 0 Italy Gianluigi Buffon
98%
74 2 Italy Giorgio Chiellini
96%
84 3 Italy Leonardo Bonucci
96%
53 11 Czech Republic Pavel Nedved
84%
53 18 Argentina Paulo Dybala
82%
49 0 Italy Andrea Barzagli
76%
30 10 Croatia Mario Mandzukic
76%
25 1 Italy Andrea Pirlo
75%
57 1 Brazil Alex Sandro
71%
49 25 France David Trezeguet
71%
35 15 Spain Alvaro Morata
69%
56 4 Colombia Juan Cuadrado
69%
27 9 Chile Arturo Vidal
67%
35 5 France Zinedine Zidane
67%
38 4 Bosnia Miralem Pjanic
65%
32 2 France Paul Pogba
65%
47 3 Italy Claudio Marchisio
64%
30 12 Argentina Gonzalo Higuain
64%
31 0 Uruguay Rodrigo Bentancur
62%
37 0 Poland Wojciech Szczesny
62%
31 1 Switzerland Stephan Lichtsteiner
56%
37 10 USA Weston McKennie
56%
48 1 Netherlands Edgar Davids
53%
45 0 France Lilian Thuram
51%
32 0 Germany Sami Khedira
51%
26 17 Italy Filippo Inzaghi
49%
27 0 Brazil Danilo
45%
30 1 Italy Manuel Locatelli
42%
45 0 Italy Gianluca Zambrotta
40%
34 4 Croatia Igor Tudor
36%
57 4 Uruguay Paolo Montero
36%
35 0 France Didier Deschamps
35%
54 1 Italy Ciro Ferrara
33%
47 5 Italy Antonio Conte
31%
68 0 Italy Gianluca Pessotto
27%
45 3 Italy Mauro Camoranesi
25%
70 2 Italy Alessio Tacchinardi
24%
38 0 Italy Angelo Peruzzi
24%
50 0 Italy Mark Iuliano
24%
35 1 Italy Angelo Di Livio
22%
31 2 Italy Federico Bernardeschi
22%
29 6 Uruguay Marcelo Zalayeta
22%
52 3 Italy Alessandro Birindelli
20%
No matching quizzes found
Score Distribution
Percent of People with Each Score
Percentile by Number Answered
Your Score History
You have not taken this quiz since the last reset